Statistics for NBA Top 5 MVP Voting By Year

Click here to take the quiz!

General Stats

  • This quiz has been taken 5,058 times
    (2,973 since last reset)
  • The average score is 70 of 105

Answer Stats

Players% Correct
Nikola Jokic
100%
Giannis Antetokounmpo
99%
James Harden
99%
Joel Embiid
99%
LeBron James
99%
Luka Doncic
99%
Stephen Curry
99%
Jerry West
98%
Kevin Durant
98%
Russell Westbrook
98%
Chris Paul
97%
Kawhi Leonard
97%
Kobe Bryant
97%
Devin Booker
96%
Dirk Nowitzki
96%
Michael Jordan
96%
Shaquille O'Neal
96%
Tim Duncan
96%
Dwyane Wade
95%
Kevin Garnett
95%
Steve Nash
95%
Karl Malone
94%
Moses Malone
93%
Allen Iverson
92%
Larry Bird
92%
Magic Johnson
92%
Paul George
92%
Hakeem Olajuwon
91%
Kareem Abdul-Jabbar
91%
Carmelo Anthony
90%
Dwight Howard
90%
David Robinson
89%
Anthony Davis
88%
Damian Lillard
88%
Walter Davis
88%
Isaiah Thomas
87%
Isiah Thomas
87%
Derrick Rose
86%
Patrick Ewing
86%
Jayson Tatum
85%
Wilt Chamberlain
85%
Bill Russell
84%
Julius Erving
84%
Scottie Pippen
84%
Shai Gilgeous-Alexander
84%
Tony Parker
84%
Blake Griffin
83%
Charles Barkley
81%
Clyde Drexler
80%
Gary Payton
80%
Oscar Robertson
78%
Dominique Wilkins
76%
Jason Kidd
76%
Dennis Johnson
75%
Jermaine O'Neal
75%
Lenny Wilkens
75%
Bob Cousy
70%
Kevin McHale
70%
Penny Hardaway
70%
Tim Hardaway
70%
Tracy McGrady
70%
Bob Pettit
69%
Chauncey Billups
69%
Alonzo Mourning
68%
Joakim Noah
68%
Bill Walton
67%
Chris Webber
64%
George Gervin
61%
Wes Unseld
61%
John Havlicek
60%
Elgin Baylor
59%
Bob McAdoo
56%
Willis Reed
54%
Robert Parish
53%
Rick Barry
49%
Walt Frazier
48%
Dave Cowens
46%
Peja Stojakovic
46%
Elvin Hayes
45%
Grant Hill
45%
Sam Jones
42%
Sidney Moncrief
41%
Bernard King
39%
Pete Maravich
36%
David Thompson
33%
Glen Rice
33%
Dolph Schayes
30%
Gus Williams
29%
Tiny Archibald
26%
Paul Arizin
25%
Bob Lanier
24%
Nate Thurmond
20%
Billy Cunningham
19%
Dave Bing
19%
Jerry Lucas
16%
Bill Sharman
11%
Terry Cummings
11%
Bob Dandridge
8%
George Yardley
8%
Connie Hawkins
7%
Spencer Haywood
7%
Dan Roundfield
5%
George McGinnis
5%
Maurice Stokes
3%
Mel Hutchins
3%

Score Distribution

Percentile by Number Answered

Percent of People with Each Score

Your Score History

You have not taken this quiz since the last reset